000 00543nam a22001817a 4500
005 20251108164036.0
008 250721s1996 xx 000 0 ara d
082 1 4 _a216,534/قرض
100 1 _aالقرضاوي، يوسف
245 1 0 _aفتاوى للمرأة المسلمة /
264 1 _aالقاهرة :
_bمكتبة وهبه،
_c1996.
300 _a111ص.
490 0 _aرسائل ترشيد الصحوة ؛ 5
650 1 7 _aالفقه الإسلامي
650 1 7 _aالمرأة المسلمة
942 _2ddc
_cBK
999 _c2146
_d2146